Great Tales from English history a treasury of true stories about the extraordinary people-- knights, knaves, rebels and heroes, queens and commoners--who made Britain great
The book comprises 154 delectable stories, each brimming with insight, humor, and fascinating detail. Bite-sized history at its best, GREAT TALES FROM ENGLISH HISTORY belongs on every Anglophile's bookshelf.
Saved in:
| Main Author: | |
|---|---|
| Format: | Book |
| Language: | English |
| Published: |
New York
Back Bay Books
[2007]
|
| Subjects: | |
| Tags: |
Add Tag
No Tags, Be the first to tag this record!
|
| Call Number : | DA 32.8 .L3 2007 |
MARC
| LEADER | 00000nam a2200000 i 4500 | ||
|---|---|---|---|
| 001 | 99275 | ||
| 003 | MY-KLNDU | ||
| 005 | 20241220023143.0 | ||
| 008 | 221104 2007 nyua bi 000 0 eng d | ||
| 020 | |a 9780316067577 | ||
| 020 | |a 0316067571 | ||
| 039 | 9 | |a 202211041127 |b VLOAD |c 201509031919 |d faiz |c 201505151153 |d shahrim |y 201505071535 |z azraai | |
| 040 | |a UPNM |b eng |c UPNM |e rda | ||
| 090 | |a DA 32.8 |b .L3 2007 | ||
| 100 | 1 | |a Lacey, Robert |e author | |
| 245 | 1 | |a Great Tales from English history |b a treasury of true stories about the extraordinary people-- knights, knaves, rebels and heroes, queens and commoners--who made Britain great |c Robert Lacey | |
| 264 | 1 | |a New York |b Back Bay Books |c [2007] | |
| 264 | 4 | |c ©2007 | |
| 300 | |a xix, 523 pages |b illustrations |c 24 cm | ||
| 336 | |a text |2 rdacontent | ||
| 337 | |a unmediated |2 rdamedia | ||
| 338 | |a volume |2 rdacarrier | ||
| 504 | |a Includes bibliographical references and index | ||
| 520 | |a The book comprises 154 delectable stories, each brimming with insight, humor, and fascinating detail. Bite-sized history at its best, GREAT TALES FROM ENGLISH HISTORY belongs on every Anglophile's bookshelf. | ||
| 592 | |b 14/4/15 |c Hadiah & Sumbangan |h Mej. Iskandar W. Crafter (B) | ||
| 651 | 0 | |a Great Britain |x History |v Anecdotes | |
| 651 | 0 | |a Great Britain |x History |y Medieval period, 1066-1485 |v Anecdotes | |
| 651 | 0 | |a Great Britain |x History |y Stuarts, 1603-1714 |v Anecdotes | |
| 651 | 0 | |a Great Britain |x History |y Tudors, 1485-1603 |v Anecdotes | |
| 999 | |a vtls000053883 |c 99275 |d 99275 | ||


